000 00399nam a2200133Ia 4500
008 151001s9999||||xx |||||||||||||| ||und||
100 _aविष्णू नारायण भातखंडे
245 _aउत्तर भारतीय संगीत
250 _a2
260 _bसंगीत कार्यालय
260 _c1974
300 _a60
365 _b21
999 _c976595
_d976592